000 00749nam a2200241Ia 4500
003 OSt
005 20220923223001.0
006 a|||||r|||| 00| 0
007 ta
008 220922b |||||||| |||| 00| 0 hin d
024 _a209,570
037 _cTextual
040 _aARTS
_cARTS
_bhin
041 _2hin
_ahin
082 _aO152,3NCH1,UK, L7
100 _aचतुर्वेदी, विपिन
245 0 _aउखडे़ कदम
246 _aUkhaḍe़ kadama
260 _aदिल्ली
_b राजकमल प्रका0
_c1977
650 _aहिन्दी कहानी
942 _hO152,3NCH1,UK, L7
_cTEXL
_2CC
999 _c360143
_d360143